000 00361 a2200157 4500
001 61271
020 _a9783468471001
040 _cAnchieta - Pituba
100 _aKoithan, Ute
240 1 0 _aGeni@l klick A1
_lpor
245 1 0 _aGeni@l klick A1
300 _a144
362 0 _a2011
650 4 _aLínguas germânicas (teutônicas) língua alemã
942 _cBK
999 _c61271
_d61271